| 000 | 00836cab a2200229 4500 | ||
|---|---|---|---|
| 001 | E2205 | ||
| 008 | 090401t1994 xxu||||| |||| 00| 0 eng d | ||
| 035 | _a(Sirsi) u38107 | ||
| 041 | _aeng | ||
| 245 | _aCampbell v Campbell and others | ||
| 260 | _c1994 | ||
| 350 | _a0 | ||
| 490 |
_aSLC _v1994 R 124-138(15) |
||
| 520 | _aDivisional Court. Application Strathclyde RN416. Order of 13 December 1994 Croft - common grazings - determination of shares in the common grazings - basis on which such determination is to be made - refence to rents payable for croft - wintering capacity of crofts | ||
| 650 | _aCOMMON GRAZINGS | ||
| 650 | _aCROFTERS (SCOTLAND) ACT 1993 | ||
| 650 | _aSCOTLAND | ||
| 650 | _aSCOTTISH LAND COURT | ||
| 690 | _aLANDLORD AND TENANT-CASE LAW-AGRICULTURAL TENANCIES | ||
| 942 | _n0 | ||
| 948 | _c04/03/1997 | ||
| 999 |
_c24488 _d24488 |
||